Los regímenes matrimoniales en el mundo de hoy

Salvato in:
Dettagli Bibliografici
Autore principale: Simo Santonja, Vicente Luis (Autore)
Natura: Libro
Lingua:spagnolo
Pubblicazione: Pamplona Aranzadi 1978
Soggetti:
Tags: Aggiungi Tag
Nessun Tag, puoi essere il primo ad aggiungerne!!

MARC

LEADER 00000nam a2200000 a 4500
001 UCS1380
003 CL-VaPUC
008 970509e19780000SP |||||||||||||||||spa|d
082 0 4 |a 346.016  |b SIM  |2 21 
100 0 |a Simo Santonja, Vicente Luis  |e author  |9 385781 
245 1 4 |a Los regímenes matrimoniales en el mundo de hoy 
300 |a 323 p 
942 |c BK 
945 |d 19970509 00:00:00  |a paguirre 
260 |a Pamplona  |b Aranzadi  |c 1978 
650 0 |a Derecho civil  |9 255013 
650 0 |a Derecho de familia  |9 255603 
650 7 |a MATRIMONIO  |2 CL-VaPUC  |9 385782 
650 0 |a Regímenes matrimoniales  |9 357525 
650 0 |a Derecho comparado  |9 255664 
583 |a last modification  |c 19970509 00:00:00  |k Rodrigo Vera 
999 |c 259474  |d 259472 
952 |0 0  |1 0  |4 0  |6 346_016000000000000_SIM_1978  |7 0  |8 A  |9 284224  |a BIBDER  |b BIBDER  |d 2019-11-19  |i 1845950  |l 1  |o 346.016 SIM 1978  |p 1845950  |r 2023-01-25  |s 2022-09-12  |w 2019-11-19  |y BK  |k DER